Oliver Twist / (Registro nro. 7857)

Detalles MARC
000 -LIDER
fixed length control field 02711nam a2200337 a 4500
001 - NÚMERO DE CONTROL
Identificador de número de control 000000431
003 - IDENTIFICACDOR DE NÚMERO DE CONTROL
control field DO-SdBNP
005 - DATE AND TIME OF LATEST TRANSACTION
control field 20180402135846.0
007 - CAMPOS FIJOS DE DESCRIPCIÓN FÍSICA
fixed length control field 000000431
008 - ELEMENTOS DE LONGITUD FIJA
fixed length control field 081112s1998 dr a 000 f spa d
020 ## - ISBN
International Standard Book Number 78945406665
040 ## - FUENTE DE CATALOGACIÓN
Agencia que crea de manera original el registro BPMSU
Idioma de catalogación spa
Agencia que realiza la transcripción BPMSU
092 ## - LOCALLY ASSIGNED DEWEY DECIMAL CALL NUMBER
Número de clasificación 823.8
Número de ítem (Cutter) M813o
100 1# - ASIENTO PRINCIPAL -- NOMBRE PERSONAL
Nombre personal Montse V.
Fechas asociadas con el nombre 1812-1870
245 10 - MENCIÓN DE TITULO
Título Oliver Twist /
Mención de responsabilidad Charles Dickens; versión : Montserrat V. Esteban; ilustraciones A. Centeno
260 ## - PUBLICACIÓN, DISTRIBUCIÓN, ETC. (PIE DE IMPRENTA)
Lugar de publicación, distribución, etc Santo Domingo :
Nombre del editor, distribuidor, etc. Tobogán,
Fecha de publicación, distribución, etc 1998
Fecha de impresión 2008 (reimpresión)
300 ## - DESCRIPCIÓN FÍSICA
Extensión 95 p. :
Otros detalles físicos il. ;
Dimensiones 23 cm.
440 #0 - MENCIÓN DE SERIE/ENTRADA SECUNDARIA--TÍTULO
Título Clásicos universales
500 ## - NOTA GENERAL
Nota general Incluye datos biográficos del autor
500 ## - NOTA GENERAL
Nota general La biblioteca posee 2 ejemplares reimpresos en 2008
505 0# - NOTA DE CONTENIDO
Texto normalizado de contenido 1. Nacimiento de Oliver Twist -- 2. La infancia de Oliver -- 3.Oliver casi se coloca -- 4.Oliver entra en el mundo -- 5. La nueva profesión de Oliver -- 6. Oliver lucha con Noé -- 7. Oliver persiste en su rebelión -- 8. Un joven singular -- 9. El bondadoso anciano y sus aventajados discípulos - 10. Comienza el "aprendizaje" -- 11. Curiosa forma de administrar justicia -- 12. Cierto retrato -- 13. Bill Sikes -- 14. El pronóstico de Grinwig -- 15. La captura de Oliver -- 16. Oliver tras la captura -- 17. Un personaje difama a Oliver -- 18. En casa del judío -- 19. Plan de campaña -- 20. En las garras de Bill Sikes -- 21. La expediciõn -- 22. Robo con fractura -- 23. Conversación de Bumble con una dama -- 24. Detalles penosos pero cortos -- 25. Fagin y su cuadrilla -- 26. Un personaje misterioso -- 27. La dama del asilo -- 28. Oliver reaparece -- 29. Los habitantes de aquella casa -- 30. Opiniones sobre Oliver -- 31. Una situación crítica -- 32. La casa de sus nuevos protectores -- 33. Un golpe imprevisto -- 34. La aventura de Oliver -- 35. Conversación de Henry con Rosa -- 36. Conferencia secreta -- 37. Una historia divertida -- 38. Entrevista entre Monks y la señora Bumble -- 39. El complot entre Monks y el judío -- 40. Una extraña entrevista -- 41. Más sorpresas -- 42. Claypole cambia de oficio -- 43. La caída del "Truhán" -- 44. Una misión secreta -- 45. La cita -- 46. Consecuencias fatales -- 47. La fuga de Sikes -- 48. Monks y Brunlow se encuentran -- 49. Persecusión y fuga -- 50. Se aclara más de un misterio -- 51. Las últimas horas del judío -- 52. Conclusión.
650 #4 - ENCABEZAMIENTO DE MATERIA--TEMÁTICO
Término temático o nombre geográfico como elemento de entrada NOVELA INGLESA
650 #4 - ENCABEZAMIENTO DE MATERIA--TEMÁTICO
Término temático o nombre geográfico como elemento de entrada LITERATURA INGLESA
700 1# - ASIENTO SECUNDARIO -- NOMBRE PERSONAL
Nombre personal Dickens, Charles.
Fechas asociadas con el nombre 1812-1870.
Título de una obra Oliver Twist
700 1# - ASIENTO SECUNDARIO -- NOMBRE PERSONAL
Nombre personal Centeno, A.
Fechas asociadas con el nombre il.
830 ## - ASIENTO SECUNDARIO DE SERIE--TÍTULO UNIFORME
Nombre de la parte o sección de una obra Clásicos universales Tobogán
942 ## - ADDED ENTRY ELEMENTS (KOHA)
Source of classification or shelving scheme Dewey Decimal Classification
Koha item type Libros
945 ## - INFORMACIÓN DE PROCESAMIENTO LOCAL
Información de procesamiento local Inventariado / 2018VM
956 ## - LOCAL ELECTRONIC LOCATION AND ACCESS (OCLC)
Nombre de host VMATEO
Número de acceso 10
Información de compresión 20150511
Inicio de sesión BPMSU
Procesador de solicitud 00151
956 ## - LOCAL ELECTRONIC LOCATION AND ACCESS (OCLC)
Nombre de host Validado. Control de calidad MFF
Existencias
Withdrawn status Lost status Source of classification or shelving scheme Damaged status Not for loan Collection code Home library Current library Date acquired Total Checkouts Full call number Barcode Date last seen Price effective from Koha item type Copy number Cost, replacement price
    Dewey Decimal Classification     Colección Juvenil Dominicana Biblioteca Pública Metropolitana Salomé Ureña Biblioteca Pública Metropolitana Salomé Ureña 05/11/2015   823.8 M813o BPMSU15051682 05/11/2015 05/11/2015 Libros    
    Dewey Decimal Classification     Colección Juvenil Dominicana Biblioteca Pública Metropolitana Salomé Ureña Biblioteca Pública Metropolitana Salomé Ureña 05/14/2015   823.8 M813o BPMSU15051707 05/14/2015 05/14/2015 Libros e. 2 0.00
    Dewey Decimal Classification     Colección Juvenil Dominicana Biblioteca Pública Metropolitana Salomé Ureña Biblioteca Pública Metropolitana Salomé Ureña 05/14/2015   823.8 M813o BPMSU15051708 05/14/2015 05/14/2015 Libros e. 3